000
00299nam a2200133Ia 4500
008
191201s2014 xx 000 0 und d
100
_a
ELMASRI,Ramez
245
0
_a
Database Systems
250
_a
Imp 2nd
260
_c
2014
_b
pearson
_a
New Delhi
300
_a
1214
650
_a
MCA
942
_2
ddc
_c
BB
999
_c
7618
_d
7618